Overseas Territory to Country - Statistics

General Stats
  • This quiz has been taken 99 times
    76 since last reset
  • The average score is 27 of 43
Answer Stats
Hint Answer % Correct
Greenland Denmark
82%
_____ Guiana France
82%
Guam United States
82%
Puerto Rico United States
82%
_____ Polynesia France
79%
Saint Pierre and Miquelon France
79%
Réunion France
77%
_____ Samoa United States
77%
Guadeloupe France
74%
Svalbard Norway
74%
Gibraltar United Kingdom
74%
Martinique France
73%
Aruba Netherlands
73%
Canary Islands Spain
73%
New Caledonia France
67%
Turks and Caicos Islands United Kingdom
67%
Curaçao Netherlands
65%
South Georgia United Kingdom
65%
Cayman Islands United Kingdom
64%
Northern Mariana Islands United States
64%
Faroe Islands Denmark
62%
Bermuda United Kingdom
62%
Pitcairn Islands United Kingdom
62%
Saint Helena United Kingdom
62%
Anguilla United Kingdom
61%
Azores Portugal
59%
Madeira Portugal
59%
Ceuta Spain
58%
Christmas Island Australia
56%
Bonaire Netherlands
56%
Tokelau New Zealand
56%
Melilla Spain
56%
Niue New Zealand
52%
Tristan da Cunha United Kingdom
50%
Akrotiri and Dhekelia United Kingdom
48%
Jan Mayen Norway
47%
Johnston Atoll United States
47%
Wake Island United States
44%
Cook Islands New Zealand
42%
Heard and McDonald Islands Australia
38%
Norfolk Island Australia
36%
Navassa Island United States
33%
Bouvet Island Norway
32%
No matching quizzes found
Score Distribution
Percent of People with Each Score
Percentile by Number Answered
Your Score History
You have not taken this quiz since the last reset